مكتبة جامعة عجلون الوطنية

فهرس بحث المكتبة

Normal view MARC view
  • Kane ,Thomas .S

Entry Personal Name

Number of records used in: 1

001 - CONTROL NUMBER

  • control field: 5417

003 - CONTROL NUMBER IDENTIFIER

  • control field: JO-AjAnu

005 - DATE AND TIME OF LATEST TRANSACTION

  • control field: 20230606071159.0

008 - FIXED-LENGTH DATA ELEMENTS

  • fixed length control field: 230606|| aca||aabn | a|a d

040 ## - CATALOGING SOURCE

  • Original cataloging agency: JO-AjAnu
  • Transcribing agency: JO-AjAnu

100 ## - HEADING--PERSONAL NAME

  • Personal name: Kane ,Thomas .S

670 ## - SOURCE DATA FOUND

  • Source citation: Work cat.: (JO-AjAnu)2795: Kane ,Thomas .S, author, The Oxford Guide to Writing: A Rhetoric and handbook for College Students